• 首页
  • 本馆介绍
  • 公告通知
  • 最新文献
  • 馆藏检索
  • 电子资源
  • 读者导购
  • 参考咨询
  • 我的图书馆
  • 登录
  • 详细信息显示
  • 放入我的书架
  • 预约/预借图书
  • 作者相关作品
  • 分类相关作品
  • 丛书相关作品
  • 出版社相关作品

书目信息

  • 表格格式
  • 工作单格式
  • 卡片格式
题名:
西瓜疑难杂症图片对照诊断与处方
    
 
作者: 潘阳 , 孙茜 主编
分册:  
出版信息: 北京   中国农业出版社  2019
页数: 101页
开本: 21cm
丛书名: 蔬菜病虫害绿色防控实战丛书
单 册:
中图分类: S436.5
科图分类:
主题词: 西瓜--病虫害防治
电子资源:
ISBN: 978-7-109-25339-1
000 00972nam0 2200277 450
001 012001000063
005 20191107171610.87
010    @a978-7-109-25339-1@dCNY26.00
100    @a20190806d2019 em y0chiy50 ea
101 0  @achi
102    @aCN@b110000
105    @aa z 000yy
106    @ar
200 1  @a西瓜疑难杂症图片对照诊断与处方@Axi gua yi nan za zheng tu pian dui zhao zhen duan yu chu fang@f潘阳,孙茜主编
205    @a2版
210    @a北京@c中国农业出版社@d2019
215    @a101页@c彩图@d21cm
225 1  @a蔬菜病虫害绿色防控实战丛书
330    @a本书分为九部分,主要内容包括:西瓜生长异常的诊断,西瓜病害典型与非典型、疑似症状的诊断与救治,西瓜生理性病害的诊断与救治,西瓜药害的诊断与救治等。
410  0 @12001 @a蔬菜病虫害绿色防控实战丛书
606 0  @a西瓜@x病虫害防治
690    @aS436.5@v5
701  0 @a潘阳@Apan yang@4主编
701  0 @a孙茜@Asun qian@4主编
801  0 @aCN@b北京卓展文化@c20191020
905    @b1195221-4@dS436.5@e149=2@f4
    
    西瓜疑难杂症图片对照诊断与处方/潘阳,孙茜主编.-2版.-北京:中国农业出版社,2019
    101页:彩图;21cm.-(蔬菜病虫害绿色防控实战丛书)
    
    
    ISBN 978-7-109-25339-1:CNY26.00
    本书分为九部分,主要内容包括:西瓜生长异常的诊断,西瓜病害典型与非典型、疑似症状的诊断与救治,西瓜生理性病害的诊断与救治,西瓜药害的诊断与救治等。
●
相关链接 在E读中查询图书 在五车中查询图书 在当当中查询图书 在豆瓣中查询图书


正题名:西瓜疑难杂症图片对照诊断与处方     索取号:S436.5/149=2         预约/预借

序号 登录号 条形码 馆藏地/架位号 状态 备注
1 1195221   211952216   第二样本阅览室/ [索取号:S436.5/149=2] 在馆    
2 1195222   211952225   第三借阅区/ [索取号:S436.5/149=2] 在馆    
3 1195223   211952234   第三借阅区/ [索取号:S436.5/149=2] 在馆    
4 1195224   211952243   第三借阅区/ [索取号:S436.5/149=2] 在馆    
唐山师范学院图书馆 欢迎您!
大连网信软件有限公司© 版权所有